[Event "NED-ch rapid (Women) 4th"]
[Site "Amstelveen"]
[Date "2018.11.18"]
[Round "7"]
[White "Ratsma, Rosa"]
[Black "Keetman, Maaike"]
[Result "1-0"]
[WhiteElo "2269"]
[BlackElo "2176"]
[PlyCount "97"]
[EventDate "2018.11.18"]
[EventType "tourn (rapid)"]
[EventRounds "7"]
[EventCountry "NED"]
[SourceTitle "CBM 187 Extra"]
[Source "ChessBase"]
[SourceDate "2018.11.04"]
[SourceVersion "1"]
[SourceVersionDate "2018.11.04"]
[SourceQuality "1"]

1. e4 e6 2. d4 d5 3. Bd3 dxe4 4. Bxe4 Nf6 5. Bf3 Bd6 6. Ne2 0-0 7. 0-0 c6 8. Bg5 h6 9. Bh4 Nbd7 10. Nd2 e5 11. Bg3 Bc7 12. c3 Re8 13. Nc1 exd4 14. cxd4 Nb6 15. Ndb3 Nbd5 16. Nd3 Bf5 17. Ne5 Nb4 18. Qd2 a5 19. a3 Nc2 20. Rad1 Bb6 21. Qf4 Be6 22. Nc5 Qe7 23. Nxe6 Qxe6 24. Rd2 g5 25. d5 cxd5 26. Qa4 Nd4 27. Rxd4 Bxd4 28. Qxd4 Rac8 29. h4 Ne4 30. Bxe4 dxe4 31. hxg5 hxg5 32. Qxe4 f5 33. Qxb7 f4 34. Nf3 fxg3 35. fxg3 g4 36. Nh4 Rf8 37. Rxf8+ Rxf8 38. Kh2 Qe5 39. Qb6 Rf6 40. Qd8+ Kg7 41. Qd7+ Kh6 42. Qxg4 Qg5 43. Qd4 Kg7 44. Qd7+ Rf7 45. Qd4+ Qf6 46. Qg4+ Kf8 47. Ng6+ Ke8 48. Qc8+ Qd8 49. Qe6+ 1-0

[Event "NED-ch rapid (Women) 4th"]
[Site "Amstelveen"]
[Date "2018.11.18"]
[Round "5"]
[White "Ratsma, Rosa"]
[Black "Lanchava, Tea"]
[Result "0-1"]
[WhiteElo "2269"]
[BlackElo "2314"]
[PlyCount "170"]
[EventDate "2018.11.18"]
[EventType "tourn (rapid)"]
[EventRounds "7"]
[EventCountry "NED"]
[SourceTitle "CBM 187 Extra"]
[Source "ChessBase"]
[SourceDate "2018.11.04"]
[SourceVersion "1"]
[SourceVersionDate "2018.11.04"]
[SourceQuality "1"]

1. e4 c6 2. Nc3 g6 3. d4 Bg7 4. Bc4 d6 5. a4 Nf6 6. Nf3 0-0 7. 0-0 d5 8. exd5 cxd5 9. Bb3 Nc6 10. Bg5 Bg4 11. Bxf6 Bxf6 12. Nxd5 Bxd4 13. c3 Bg7 14. h3 Bd7 15. Re1 e6 16. Ne3 Na5 17. Bc2 Qc7 18. Qe2 Rad8 19. Red1 Qb6 20. b4 Nc6 21. Nc4 Qc7 22. b5 Na5 23. Nce5 Qxc3 24. Rac1 Bh6 25. Rd3 Qc7 26. Rcd1 Rc8 27. Nxd7 Qxc2 28. Qxc2 Rxc2 29. Nxf8 Kxf8 30. Rd7 Rc5 31. Rd8+ Kg7 32. Ra8 Rc4 33. Rxa7 Rxa4 34. Nd4 Ra3 35. b6 Bf4 36. Nb5 Ra2 37. g3 Bb8 38. Ra8 Be5 39. Kg2 g5 40. Re1 Kf6 41. Kf3 h5 42. g4 hxg4+ 43. hxg4 Ra4 44. Re4 Ra1 45. Kg2 Ra2 46. Nd4 Ra4 47. Rxa5 Rxa5 48. Nf3 Bf4 49. Rb4 Bd6 50. Rb3 Bc5 51. Nd2 Ke7 52. Ne4 Bd4 53. Rb4 Bc5 54. Rb2 f6 55. Rb3 Bd4 56. Rb4 Rd5 57. f3 Be3 58. Rb3 Bd4 59. Rb4 Kd7 60. Rc4 Be5 61. Nc5+ Kc6 62. Nxe6+ Kxb6 63. Ng7 Rd2+ 64. Kf1 Kb5 65. Re4 Kc5 66. Ne6+ Kd5 67. Ng7 b5 68. Nf5 b4 69. Rxb4 Bc3 70. Ne3+ Ke6 71. Rb6+ Kf7 72. Rb7+ Ke8 73. Rb8+ Kd7 74. Rb7+ Kc6 75. Re7 Bd4 76. Nf5 Be5 77. Ke1 Rh2 78. Ra7 Kc5 79. Kf1 Kc4 80. Rd7 Ra2 81. Rd1 Kc3 82. Rd7 Rh2 83. Ne3 Bd4 84. Ng2 Kd3 85. f4 Rh1# 0-1

[Event "Olympiad Women-43"]
[Site "Batumi"]
[Date "2018.10.03"]
[Round "9.4"]
[White "Ratsma, Rosa"]
[Black "Caballero Quijano, Mitzy Mishell"]
[Result "1/2-1/2"]
[WhiteElo "2260"]
[BlackElo "2034"]
[PlyCount "60"]
[EventDate "2018.09.24"]
[EventType "team-swiss"]
[EventRounds "11"]
[EventCountry "GEO"]
[SourceTitle "EXT 2020"]
[Source "ChessBase"]
[SourceDate "2019.10.17"]
[SourceVersion "1"]
[SourceVersionDate "2019.10.17"]
[SourceQuality "1"]
[WhiteTeam "Netherlands (W)"]
[BlackTeam "Peru (W)"]
[WhiteTeamCountry "NED"]
[BlackTeamCountry "PER"]

1. e4 e6 2. Nf3 d5 3. Nc3 Nf6 4. e5 Nfd7 5. d4 c5 6. dxc5 Nc6 7. Bf4 Nxc5 8. Be2 Be7 9. 0-0 a6 10. Nd4 Qb6 11. Rb1 0-0 12. Nxc6 bxc6 13. Bf3 a5 14. Bg3 Ba6 15. Re1 Rad8 16. Ne2 Na4 17. Qd2 Rd7 18. b3 Nc5 19. Qd4 Qb4 20. c3 Qxd4 21. Nxd4 Rc8 22. Be2 Bxe2 23. Nxe2 Ne4 24. Bf4 Bc5 25. Rf1 g5 26. Bc1 f6 27. exf6 Rf7 28. Ng3 Nxc3 29. Rb2 h6 30. Rc2 Bd4 1/2-1/2

[Event "Olympiad Women-43"]
[Site "Batumi"]
[Date "2018.09.26"]
[Round "3.14"]
[White "Ratsma, Rosa"]
[Black "Vidic, Teja"]
[Result "1-0"]
[WhiteElo "2260"]
[BlackElo "2116"]
[PlyCount "81"]
[EventDate "2018.09.24"]
[EventType "team-swiss"]
[EventRounds "11"]
[EventCountry "GEO"]
[SourceTitle "EXT 2020"]
[Source "ChessBase"]
[SourceDate "2019.10.17"]
[SourceVersion "1"]
[SourceVersionDate "2019.10.17"]
[SourceQuality "1"]
[WhiteTeam "Netherlands (W)"]
[BlackTeam "Slovenia (W)"]
[WhiteTeamCountry "NED"]
[BlackTeamCountry "SLO"]

1. e4 c5 2. Nf3 Nc6 3. Bb5 g6 4. Bxc6 dxc6 5. d3 Bg7 6. h3 Nf6 7. Nc3 0-0 8. 0-0 Nd7 9. Be3 e5 10. Qd2 Re8 11. Nh2 Qe7 12. Bh6 Bh8 13. Kh1 b6 14. Rae1 a5 15. f4 exf4 16. Bxf4 Ne5 17. Nd1 Be6 18. Ne3 Rad8 19. Qf2 Bf6 20. Bg3 Nd7 21. b3 Qf8 22. Nc4 Bxc4 23. bxc4 Bd4 24. Qd2 Bg7 25. Rb1 Rc8 26. Bf4 h5 27. Nf3 Qe7 28. Qf2 Bf6 29. h4 Qd8 30. Qg3 Re6 31. e5 Bg7 32. Ng5 Re7 33. e6 fxe6 34. Bd6 Nf6 35. Bxe7 Qxe7 36. Rbe1 e5 37. Rxe5 Qc7 38. Ne6 Ne4 39. Qxg6 Qxe5 40. dxe4 Rb8 41. Rf7 1-0